| 000 | 01166cam a2200385 a 4500 | ||
|---|---|---|---|
| 999 |
_c721 _d721 |
||
| 001 | 000036615976 | ||
| 003 | CaOOAMICUS | ||
| 005 | 20210616121427.0 | ||
| 008 | 091014m20109999onca b 001 0 eng | ||
| 016 | _a20099061457 | ||
| 020 | _a9780070968288 (v. 1) | ||
| 020 | _a9780070968271 (v. 2) | ||
| 035 | _a(Sirsi) a2709088 | ||
| 040 |
_aCaOONL _beng _cCaOONL _dCaOONL |
||
| 050 |
_aHF5635 _b.L343 2010 |
||
| 055 | 0 | 1 | _aHF5635 |
| 055 | 3 |
_aHF5635 _bL343 2010 |
|
| 082 | 0 |
_a657 _222 |
|
| 090 | _a657 LAR | ||
| 090 | _a657 L129 2010 | ||
| 100 | 1 | _aLarson, Kermit D. | |
| 245 | 1 | 0 |
_aFundamental accounting principles / _cKermit D. Larson, Tilly Jensen. |
| 250 | _a13th Canadian edition | ||
| 260 |
_aToronto : _bMcGraw-Hill Ryerson, _cc2010- |
||
| 300 |
_a2 volumes : _bcolor illustrations ; _c28 cm. |
||
| 336 |
_atext _btxt _2rdacontent |
||
| 337 |
_aunmediated _bn _2rdamedia |
||
| 338 |
_avolume _bnc _2rdacarrier |
||
| 504 | _aIncludes bibliographical references and index. | ||
| 505 | 0 | _aV. 1. Chapters 1-11 -- v. 2. Chapters 12-20. | |
| 650 | 0 |
_aAccounting _vTextbooks. |
|
| 700 | 1 | _aJensen, Tilly. | |
| 910 | _aCanadian | ||
| 942 |
_2lcc _cBK _nSO |
||